[Event "Swedish Elitserien 2021-22"]
[Site "Sodertalje"]
[Date "2022.05.14"]
[Round "8.9"]
[White "Johansson, Linus"]
[Black "Von Bahr, Oskar"]
[Result "1/2-1/2"]
[WhiteElo "2451"]
[BlackElo "2373"]
[Annotator "TA"]
[PlyCount "139"]
[EventDate "2022.05.13"]
[EventType "team-tourn"]
[EventCountry "SWE"]
[SourceTitle "playchess.com"]
[Source "ChessBase"]
[SourceQuality "1"]

{[%evp 17,139,0,12,-14,15,12,18,14,22,5,6,0,7,0,7,0,0,0,40,41,43,39,45,50,47,41,32,0,0,0,0,-4,-9,-11,-8,-10,-7,-10,-10,-66,-41,-95,-99,-96,-93,-146,-156,-138,-120,-170,-170,-185,-138,-145,0,-112,-86,-86,-86,-86,-86,-86,0,-86,0,-136,-126,-126,-112,-119,-72,-99,-18,-19,-18,-18,-19,-25,-27,-49,-49,-49,-48,-48,-48,-49,0,0,0,0,0,0,0,0,0,0,0,0,0,0,0,0,0,0,0,0,0,0,0,0,0,0,0,0,0,0,0,0,0,0,0,0,0,-27]} 1. d4 {[%emt 0:00:02]} Nf6 {[%emt 0:00:06]} 2. c4 {[%emt 0:00:05]} g6 {[%emt 0:00:10]} 3. Nc3 {[%emt 0:00:29]} d5 {[%emt 0:00:09]} 4. cxd5 {[%emt 0:00:29]} Nxd5 {[%emt 0:00:10]} 5. e4 Nxc3 {[%emt 0:00:04]} 6. bxc3 {[%emt 0:00:04]} Bg7 {[%emt 0:00:15]} 7. Qa4+ {[%emt 0:00:58]} Nd7 {[%emt 0:01:57]} 8. Nf3 {[%emt 0:00:12]} O-O {[%emt 0:00:11]} 9. Be2 {[%emt 0:00:08][%cal Bf1e2,Be2f3,Bf3d1,Bd1b3,Bb3d5][%mdl 32]} c5 {[%emt 0:00:35]} 10. O-O {[%emt 0:00:07] D85: Exchange Grünfeld: Unusual White 7th moves and lines with 7 Nf3.} Nb6 {[%emt 0:00:55]} 11. Qa3 {[%emt 0:00:23]} cxd4 {[%emt 0:00:17]} 12. cxd4 {[%emt 0:00:05]} Bg4 {[%emt 0:00:36]} 13. Bg5 {[%emt 0:00:10]} Bxf3 {[%emt 0:00:51]} 14. Bxf3 {[%emt 0:00:05]} Qxd4 {[%emt 0:00:21]} 15. Qxe7 {[%emt 0:00:09]} Qa4 {[%emt 0:01:38] [#]} 16. Bd1 $146 {[%emt 0:24:44]} ({Reject} 16. Qxb7 Bxa1 17. Rxa1 Rab8 $17) ({Predecessor:} 16. Rad1 Qxa2 17. Qxb7 Rab8 18. Qc6 Rfc8 19. Qd6 Re8 20. Bf4 Rbc8 21. e5 Nc4 22. Qd7 {½-½ (50) Matlakov,M (2693)-Artemiev,V (2664) Sochi 2015}) 16... Qa5 {[%emt 0:12:57]} 17. Bb3 {[%emt 0:01:02] And now Rac1 would win.} Nc8 {[%emt 0:15:54][%cal Bb6c8,Bc8d6,Bd6e4][%mdl 32]} 18. Qxb7 {[%emt 0:01:33] Strongly threatening Bd2.} Nd6 {[%emt 0:02:38]} 19. Qd5 {[%emt 0:01:50]} Qxd5 {[%emt 0:00:21]} 20. Bxd5 {[%emt 0:00:06] Black must now prevent Rad1.} Bxa1 {[%emt 0:00:22]} 21. Rxa1 {[%emt 0:08:59]} Rae8 {[%emt 0:04:37]} 22. Bh6 {[%emt 0:11:28]} (22. Re1 $5 {[%cal Rg5h6]}) 22... Nxe4 {[%emt 0:00:33]} 23. g3 {[%emt 0:00:37]} Nc3 {[%emt 0:03:49]} 24. Bf3 {[%emt 0:03:28] [#] This bishop pair is nice.} Re5 $1 {[%emt 0:05:08]} 25. Bxf8 {[%emt 0:00:07]} Kxf8 $11 {[%emt 0:00:04][%mdl 4096] Endgame KRB-KRN} 26. Kf1 {[%emt 0:03:39]} Ra5 {[%emt 0:04:31]} 27. a3 {[%emt 0:01:39]} Ke7 {[%emt 0:07:47]} 28. Ke1 {[%emt 0:02:03]} (28. h4 $11) 28... Kd6 $1 $15 {[%emt 0:02:14]} 29. Kd2 {[%emt 0:00:13] [#]} (29. Kf1 $15) 29... Rxa3 $1 $17 {[%emt 0:02:54]} 30. Rc1 {[%emt 0:02:08]} Nd5 {[%emt 0:04:16]} 31. Bxd5 {[%emt 0:00:26]} (31. Ke2 $142) 31... Kxd5 {[%emt 0:00:04] KR-KR} 32. Rc7 {[%emt 0:00:10]} Ke6 {[%emt 0:00:50]} 33. h4 {[%emt 0:00:14]} (33. g4 $17) 33... h5 $19 {[%emt 0:01:09]} 34. Ke2 {[%emt 0:00:17]} Ra2+ {[%emt 0:05:37]} (34... a5 $19 35. Rc6+ Ke5) 35. Kf3 $17 {[%emt 0:00:09]} Ra3+ {[%emt 0:02:29]} (35... Ra4 $17 36. Rc6+ Ke5 37. Rc5+ Kd6) 36. Kf4 {[%emt 0:00:38]} (36. Ke2 $1 $11 {keeps the balance.}) 36... Ra5 {[%emt 0:04:33]} 37. f3 {[%emt 0:07:16]} Rf5+ {[%emt 0:04:26]} 38. Ke4 {[%emt 0:02:43]} Re5+ {[%emt 0:04:55]} 39. Kf4 {[%emt 0:00:36]} Rf5+ {[%emt 0:02:26]} 40. Ke4 {[%emt 0:00:20] [#]} Ra5 {[%emt 0:01:50]} ({Black should try} 40... a5 $1 $17 41. Ra7 Kf6) 41. Rc6+ {[%emt 0:02:40]} (41. Kf4 $1 $11) 41... Kd7 {[%emt 0:01:00]} 42. Rf6 {[%emt 0:00:22]} Ke7 {[%emt 0:00:55]} 43. Rc6 {[%emt 0:00:06]} Ra1 {[%emt 0:01:55]} (43... Ra4+ $142 44. Ke5 Ra5+ 45. Kf4 Rf5+ 46. Ke3 a5) 44. Ke5 {[%emt 0:01:35]} f6+ {[%emt 0:02:54]} (44... Ra3 $17 45. Kf4 a5) 45. Ke4 {[%emt 0:02:15]} Ra4+ {[%emt 0:04:47]} 46. Ke3 {[%emt 0:00:44]} Kf7 {[%emt 0:02:06]} 47. Rc7+ {[%emt 0:02:20]} Ke6 {[%emt 0:01:16]} 48. Rc6+ {[%emt 0:00:07]} Ke5 $1 {[%emt 0:01:04]} 49. Rc5+ {[%emt 0:00:35]} Kd6 {[%emt 0:00:20]} 50. Rc8 Ra3+ {[%emt 0:06:02]} 51. Kf4 {[%emt 0:00:53]} g5+ {[%emt 0:04:44]} (51... Ra5 $1 $15) 52. hxg5 $11 {[%emt 0:00:16] The position is equal.} fxg5+ {[%emt 0:00:18]} 53. Kxg5 {[%emt 0:24:19]} Rxf3 {[%emt 0:00:29]} 54. Kh4 {[%emt 0:00:05]} a5 {[%emt 0:06:23]} 55. Ra8 {[%emt 0:00:15]} Rf5 {[%emt 0:00:08] aiming for ...Kc6.} 56. g4 {[%emt 0:00:07]} hxg4 {[%emt 0:00:08]} 57. Kxg4 {[%emt 0:00:04]} Rc5 {[%emt 0:04:06]} (57... Rb5 $5 {[%cal Rd6c5]}) 58. Kf4 $1 {[%emt 0:00:27]} Kd5 {[%emt 0:03:01] Threatens to win with ...Kd4.} 59. Ke3 {[%emt 0:01:49]} Kc4 {[%emt 0:00:09]} 60. Kd2 {[%emt 0:00:11]} Kb3 {[%emt 0:00:10]} 61. Rb8+ {[%emt 0:01:17]} Ka2 {[%emt 0:00:29]} 62. Ra8 {[%emt 0:00:24]} Kb3 {[%emt 0:00:11]} 63. Rb8+ $1 {[%emt 0:00:06]} Ka3 {[%emt 0:00:03]} 64. Rb7 $1 {[%emt 0:01:00]} a4 {[%emt 0:00:06]} 65. Rb8 {[%emt 0:00:05]} Ka2 {[%emt 0:00:07]} (65... Rc7 $5) 66. Rb7 {[%emt 0:00:05]} a3 {[%emt 0:00:24]} 67. Rb8 {[%emt 0:00:42]} Rh5 {[%emt 0:00:19]} 68. Kc2 {[%emt 0:03:48]} Rh2+ {[%emt 0:00:09]} 69. Kc1 {[%emt 0:01:43]} Rb2 {[%emt 0:00:39]} 70. Rc8 {[%emt 0:01:50] Weighted Error Value: White=0.18 (very precise) /Black=0.16 (very precise)} 1/2-1/2

[Event "Swedish Elitserien 2021-22"]
[Site "Sodertalje"]
[Date "2022.05.14"]
[Round "8.10"]
[White "Lyrberg, Patrik"]
[Black "Brynell, Stellan"]
[Result "1-0"]
[WhiteElo "2453"]
[BlackElo "2401"]
[Annotator "TA"]
[PlyCount "77"]
[EventDate "2022.05.13"]
[EventType "team-tourn"]
[EventCountry "SWE"]
[SourceTitle "playchess.com"]
[Source "ChessBase"]
[SourceQuality "1"]

{[%evp 9,77,2,13,-26,-18,-23,-17,-13,-5,-27,-3,-33,-41,-30,-20,-22,-18,-52,0,0,7,0,6,4,9,-1,9,12,12,6,17,5,22,31,25,25,27,32,26,26,29,29,52,41,37,44,67,67,60,58,51,40,43,40,116,106,131,128,119,127,394,412,509,520,509,495,29993,29994,29994,29995]} 1. Nf3 {[%emt 0:00:02]} d5 {[%emt 0:00:22]} 2. d4 {[%emt 0:00:12]} Nf6 {[%emt 0:00:17]} 3. Bf4 {[%emt 0:00:56]} c5 {[%emt 0:00:15]} 4. e3 {[%emt 0:04:54]} Nc6 {[%emt 0:00:46]} 5. dxc5 {[%emt 0:03:53]} e6 {[%emt 0:04:03]} 6. Nbd2 {[%emt 0:08:51] D02: 1 d4 d5 2 Nf3 sidelines, including 2...Nf6 3 g3 and 2...Nf6 3 Bf4.} Bxc5 {[%emt 0:02:27]} 7. c4 {[%emt 0:02:24]} O-O {[%emt 0:03:34]} 8. a3 {[%emt 0:00:30] The position is equal.} b6 {[%emt 0:05:16] [#]} 9. b4 $146 {[%emt 0:02:50]} ({Predecessor:} 9. Rc1 Bb7 10. b4 Be7 11. Be2 a5 12. b5 Nb8 13. a4 Nbd7 14. O-O Nc5 15. Nd4 {0-1 (49) Omidi,A (2324)-Daghli,A (2431) Mersin 2021}) 9... Bd6 {[%emt 0:05:26]} 10. Bg5 {[%emt 0:01:25]} Be7 {[%emt 0:00:35]} 11. Bd3 {[%emt 0:05:29]} Bb7 {[%emt 0:02:48]} 12. O-O {[%emt 0:09:32]} dxc4 {[%emt 0:07:39]} 13. Bxc4 {[%emt 0:04:30]} (13. Nxc4 {feels hotter.} b5 14. Nce5 Nxe5 15. Nxe5 Qd5 16. Qf3) 13... Nd5 {[%emt 0:07:41]} (13... Rc8 $15) 14. Bxe7 $11 {[%emt 0:00:48]} (14. Ne4 {looks sharper.} Ne5 15. Nxe5 Bxg5 16. Nxg5 Qxg5 17. Nf3) 14... Ncxe7 {[%emt 0:00:14]} 15. Qb3 {[%emt 0:04:35]} Ng6 {[%emt 0:02:11]} 16. Rac1 {[%emt 0:00:36]} Qe7 {[%emt 0:02:02]} 17. Rc2 {[%emt 0:01:06]} Rfd8 {[%emt 0:03:25]} 18. Rfc1 {[%emt 0:01:07]} Nh4 {[%emt 0:03:17]} 19. Bb5 {[%emt 0:08:00]} Nxf3+ {[%emt 0:04:13]} 20. Nxf3 {[%emt 0:00:11]} Qf6 {[%emt 0:05:33]} 21. Bc6 {[%emt 0:09:09]} Bxc6 {[%emt 0:00:58]} 22. Rxc6 {[%emt 0:00:06]} h6 {[%emt 0:11:05]} 23. h3 {[%emt 0:02:04]} b5 {[%emt 0:09:22]} 24. Nd4 {[%emt 0:10:26]} a6 {[%emt 0:00:22]} 25. Qb1 {[%emt 0:00:46]} g6 {[%emt 0:04:39]} 26. Qe4 {[%emt 0:00:45][%cal Rd4e6] Hoping for Nxe6!} Ne7 {[%emt 0:01:53]} 27. R6c5 {[%emt 0:07:13]} Rd5 {[%emt 0:01:33]} 28. Rxd5 {[%emt 0:00:59] White is more active.} Nxd5 {[%emt 0:03:04]} 29. Rc6 {[%emt 0:00:10][%cal Oe4d5,Bc1c6,Bc6d6,Bd6d7][%mdl 32]} Kg7 $1 {[%emt 0:00:42]} 30. g4 {[%emt 0:02:21][%cal Rd4e6] Black must now prevent Nxe6+!} Ra7 $1 {[%emt 0:02:19]} 31. Kg2 {[%emt 0:01:17]} h5 {[%emt 0:04:06]} ({Black should play} 31... Ne7 $1 $14) 32. Nf3 $1 $16 {[%emt 0:02:43] And now g5 would win.} hxg4 {[%emt 0:00:35]} 33. hxg4 {[%emt 0:00:04][%cal Bh3g4,Bg4g5][%mdl 32] Strongly threatening g5.} Ra8 {[%emt 0:01:27]} 34. Rd6 {[%emt 0:03:51]} a5 $2 {[%emt 0:01:23][%mdl 8192] [#] Black cannot hold the game after this.} (34... Rc8 $16 {was called for.}) 35. bxa5 $1 $18 {[%emt 0:01:02]} Rxa5 {[%emt 0:01:54]} 36. g5 {[%emt 0:00:22]} Qf5 {[%emt 0:00:21] [#]} 37. Qd4+ {[%emt 0:00:12]} ({Less strong is} 37. Qh4 Ra8 $16) 37... f6 {[%emt 0:00:36]} (37... Nf6 $18 38. gxf6+ Qxf6) 38. Rd7+ {[%emt 0:00:33]} Kg8 39. Qh4 {[%emt 0:00:17] Weighted Error Value: White=0.03 (flawless) /Black=0.34} 1-0

[Event "Swedish Elitserien 2021-22"]
[Site "Sodertalje"]
[Date "2022.05.14"]
[Round "8.11"]
[White "Lindgren, Philip"]
[Black "Andersson, Fredrik"]
[Result "1-0"]
[WhiteElo "2369"]
[BlackElo "2270"]
[Annotator "TA"]
[PlyCount "57"]
[EventDate "2022.05.13"]
[EventType "team-tourn"]
[EventCountry "SWE"]
[SourceTitle "playchess.com"]
[Source "ChessBase"]
[SourceQuality "1"]

{[%evp 17,57,5,52,58,90,91,190,185,177,155,306,297,306,306,310,312,368,316,295,216,210,211,216,216,216,184,212,218,211,207,215,209,338,330,731,681,1034,775,939,927,29990,850]} 1. d4 {[%emt 0:00:04]} Nf6 {[%emt 0:00:16]} 2. c4 {[%emt 0:00:10]} g6 {[%emt 0:00:14]} 3. Nf3 {[%emt 0:00:23]} Bg7 {[%emt 0:00:29]} 4. Nc3 {[%emt 0:00:15]} O-O {[%emt 0:01:17]} 5. e4 {[%emt 0:00:44]} d6 {[%emt 0:00:23]} 6. Be2 {[%emt 0:00:21]} e5 {[%emt 0:00:50]} 7. Be3 {[%emt 0:01:37]} Ng4 {[%emt 0:01:21]} 8. Bg5 {[%emt 0:02:56]} f6 {[%emt 0:00:35]} 9. Bc1 {[%emt 0:00:18]} f5 {[%emt 0:09:25]} (9... Nc6 $11 {is more appropriate.}) 10. exf5 {[%emt 0:09:26] E92: King's Indian: Classical: 6 Be2 e5: 7 dxe5, 7 Be3 and Petrosian System without 7...Nbd7.} gxf5 {[%emt 0:11:36]} 11. h3 {[%emt 0:08:34][%cal Bh2h3,Bh3g4][%mdl 32] [#]} e4 $146 {[%emt 0:25:40]} (11... Nf6 $16 {was necessary.}) ({Predecessor:} 11... exd4 12. Bg5 Bf6 13. Bxf6 Nxf6 14. Qxd4 Nc6 15. Qf4 Be6 16. Ng5 Qd7 17. O-O-O Ne5 {0-1 (55) Panda,S (2102)-Grutter,T (2253) Tornelo INT 2021}) 12. hxg4 $18 {[%emt 0:02:51] White is clearly better.} exf3 {[%emt 0:00:11]} 13. Bxf3 {[%emt 0:00:39]} (13. gxf3 $6 Nc6 $16) 13... Nc6 $2 {[%emt 0:03:19]} (13... Qe8+ $16 {might work better.} 14. Kf1 Nc6) 14. Bd5+ {[%emt 0:26:26]} Kh8 {[%emt 0:00:38]} 15. Qd3 {[%emt 0:00:28][%cal Oh1h7]} Qe8+ {[%emt 0:15:03] [#]} 16. Ne2 $1 {[%emt 0:00:13]} Qg6 {[%emt 0:03:31]} (16... Nxd4 {[#] leads to mate.} 17. Rxh7+ $3 {[%mdl 512]} (17. Bh6 Nxe2 18. Qxe2 fxg4 $17) 17... Kxh7 18. Qh3+ Kg6 19. Qh5+ Kf6 20. Qg5+ Ke5 21. f4#) 17. Nf4 {[%emt 0:06:54][%cal Rf4g6]} Qxg4 {[%emt 0:01:18]} 18. Qh3 $40 {[%emt 0:12:59][%csl Gh1][%cal Rh3h7][%mdl 128] White wants a kill.} Re8+ {[%emt 0:05:20]} 19. Be3 {[%emt 0:00:12][%csl Gh1][%cal Rh3h7,Bc1e3,Be3f4,Bf4g5][%mdl 32] Really sharp!} Qxh3 {[%emt 0:00:50]} 20. Ng6+ $1 {[%emt 0:06:17]} hxg6 {[%emt 0:00:07]} 21. Rxh3+ {[%emt 0:00:05]} Bh6 {[%emt 0:00:07][%cal Oh8g7]} 22. O-O-O {[%emt 0:01:55]} ({Inferior is} 22. Rxh6+ Kg7 23. Rh4 g5 $17) 22... f4 {[%emt 0:07:07]} 23. Rxh6+ {[%emt 0:00:35]} Kg7 {[%emt 0:00:04]} 24. Bxf4 {[%emt 0:05:39]} Nb4 {[%emt 0:01:26]} (24... Bd7 {keeps fighting.} 25. Rdh1 Rh8) 25. Bg5 {[%emt 0:03:52] Rdh1 is the strong threat. A strong pair of Bishops.} c6 $2 {[%emt 0:07:20] [#]} (25... Nxd5 26. cxd5 Bf5) 26. Rdh1 $1 {[%emt 0:02:57] Intending Rh7+ and mate.} Bh3 {[%emt 0:02:30]} (26... Re1+ 27. Rxe1) 27. R6xh3 {[%emt 0:04:47] White wants to mate with Rh7+.} cxd5 {[%emt 0:00:11]} 28. Rh7+ {[%emt 0:00:08]} Kf8 {[%emt 0:00:07]} 29. Rxb7 {[%emt 0:01:50] Black did not feel at home in the position after the opening.  Weighted Error Value: White=0.10 (very precise) /Black=0.92} (29. Kd2 $142 b5 30. Rd7 Kg8 31. Bf6 Re2+ 32. Kxe2 Re8+ 33. Kf3 Re3+ 34. fxe3 dxc4 35. Rh8#) 1-0

[Event "Swedish Elitserien 2021-22"]
[Site "Sodertalje"]
[Date "2022.05.14"]
[Round "8.12"]
[White "Glimbrant, Torbjorn"]
[Black "Schneider, Stefan"]
[Result "0-1"]
[WhiteElo "2219"]
[BlackElo "2364"]
[Annotator "TA"]
[PlyCount "88"]
[EventDate "2022.05.13"]
[EventType "team-tourn"]
[EventCountry "SWE"]
[SourceTitle "playchess.com"]
[Source "ChessBase"]
[SourceQuality "1"]

{[%evp 19,88,15,65,52,58,45,45,36,39,18,27,13,19,23,3,0,10,0,43,8,0,6,9,0,8,8,8,0,0,0,0,-43,-56,-60,-51,-45,-45,-56,-19,-24,0,-64,-64,-126,-132,-145,-142,-161,-164,-160,-140,-171,-172,-166,-37,-276,-270,-317,-311,-404,-385,-448,-447,-974,-956,-5063,-2729,-5157,-2197,-5197,-1361]} 1. d4 {[%emt 0:00:03]} Nf6 {[%emt 0:00:16]} 2. Nf3 {[%emt 0:00:09]} d5 {[%emt 0:03:02]} 3. c4 {[%emt 0:00:35]} dxc4 {[%emt 0:04:54]} 4. e3 {[%emt 0:00:37]} a6 {[%emt 0:03:13]} 5. Bxc4 {[%emt 0:03:06]} e6 {[%emt 0:01:17]} 6. a4 {[%emt 0:01:42]} c5 {[%emt 0:00:15]} 7. O-O {[%emt 0:00:47]} b6 {[%emt 0:03:02]} 8. Qe2 {[%emt 0:05:51]} Bb7 {[%emt 0:03:02]} 9. Rd1 {[%emt 0:00:57]} Qc7 {[%emt 0:01:27]} 10. Nc3 {[%emt 0:01:02]} Nc6 {[%emt 0:12:14]} (10... Be7 $11) 11. d5 $14 {[%emt 0:12:25] D27: Queen's Gambit Accepted: Classical main line: 7 e4!? and 7 a4.} exd5 {[%emt 0:00:26]} 12. Nxd5 {[%emt 0:00:35]} Nxd5 {[%emt 0:04:48]} 13. Bxd5 {[%emt 0:01:47] White is slightly better.} ({Reject} 13. Rxd5 Na5 14. Ba2 (14. Re5+ Be7 $15) 14... Bxd5 15. Bxd5 Rd8 $11) 13... Be7 {[%emt 0:18:36] Prevents Ng5.} 14. b3 {[%emt 0:17:51]} O-O {[%emt 0:01:18]} 15. Bb2 {[%emt 0:00:59] next Qc4 is good for White.} Nb4 {[%emt 0:14:15]} 16. Bxb7 {[%emt 0:04:33]} Qxb7 {[%emt 0:02:31]} 17. Qc4 {[%emt 0:00:12] [#] Black must now prevent Qg4.} Rfd8 {[%emt 0:08:26]} 18. Qg4 {[%emt 0:19:48][%csl Gb2][%cal Rg4g7]} Bf8 {[%emt 0:00:16]} 19. Ng5 {[%emt 0:00:41]} (19. Ne5 $5 {[%cal Re5d7]} Nd5 20. Qf3 $14) 19... Qe7 $1 {[%emt 0:05:23] [#]} 20. Qf5 $146 {[%emt 0:12:04][%csl Gg5][%cal Rf5h7]} ({Predecessor:} 20. h4 h6 21. Ne4 Qe6 22. Nf6+ Kh8 23. Qxe6 fxe6 24. Nd7 Nd5 25. Nxf8 Rxf8 26. e4 {1-0 (47) Peralta,F (2545)-Hernandez,I (2376) Roquetas de Mar 2009}) 20... g6 {[%emt 0:00:13]} 21. Qf6 {[%emt 0:00:29]} Qxf6 {[%emt 0:00:25]} 22. Bxf6 {[%emt 0:00:10]} Rd5 {[%emt 0:01:24]} 23. e4 {[%emt 0:01:47]} Rd3 {[%emt 0:05:10]} 24. Rxd3 {[%emt 0:01:14]} Nxd3 {[%emt 0:00:02]} 25. Rd1 {[%emt 0:01:45]} c4 {[%emt 0:00:03]} 26. bxc4 {[%emt 0:04:42]} Nc5 {[%emt 0:00:02]} 27. h4 {[%emt 0:01:59]} h6 {[%emt 0:01:04]} 28. Nf3 {[%emt 0:00:10]} Nxe4 {[%emt 0:00:55]} 29. Bd4 {[%emt 0:00:20]} Rd8 {[%emt 0:02:03][%cal Oe4c3]} 30. Re1 {[%emt 0:02:00]} (30. Rb1 $11) 30... Nc5 $15 {[%emt 0:00:08]} 31. Bxc5 {[%emt 0:01:54]} (31. Ra1 $15) 31... Bxc5 {[%emt 0:00:06][%mdl 4096] Endgame KRB-KRN} 32. g4 {[%emt 0:02:40]} Rd3 {[%emt 0:04:34]} 33. Re8+ {[%emt 0:00:10]} Kg7 {[%emt 0:00:04]} 34. Kg2 {[%emt 0:00:10]} Rc3 {[%emt 0:00:29]} 35. Ne5 {[%emt 0:01:12]} Rc2 {[%emt 0:01:07]} 36. Nd3 {[%emt 0:00:45]} Bd4 {[%emt 0:01:35]} (36... Rxc4 $19 37. Nxc5 bxc5) 37. Kf3 {[%emt 0:00:34] [#] Now White is beyond hope.} (37. Re4 $15 Bf6 38. h5) 37... Rxc4 $19 {[%emt 0:00:19]} 38. Re4 {[%emt 0:00:30]} Rxa4 {[%emt 0:00:14]} 39. Kg2 {[%emt 0:00:23]} b5 {[%emt 0:00:25][%cal Bb6b5,Bb5a4][%mdl 32]} 40. f4 {[%emt 0:00:31]} Bf6 {[%emt 0:00:56][%csl LRe4,LRh4] Against Re7. Black is clearly winning.} 41. Rxa4 {[%emt 0:00:20]} (41. Re8 $142 Rd4 42. Nc5) 41... bxa4 {[%emt 0:00:17]} 42. h5 {[%emt 0:02:10]} gxh5 {[%emt 0:10:26]} 43. gxh5 {[%emt 0:00:07]} Bc3 {[%emt 0:00:48]} (43... a3 $142 44. Nc1 Bc3) 44. Kf3 {[%emt 0:00:16]} Bd2 {[%emt 0:01:40] Weighted Error Value: White=0.82/Black=0.26 (precise)} 0-1

[Event "Swedish Elitserien 2021-22"]
[Site "Sodertalje"]
[Date "2022.05.14"]
[Round "8.13"]
[White "Jepson, Christian"]
[Black "Eriksson, Johan"]
[Result "0-1"]
[WhiteElo "2401"]
[BlackElo "2385"]
[Annotator "TA"]
[PlyCount "62"]
[EventDate "2022.05.13"]
[EventType "team-tourn"]
[EventCountry "SWE"]
[SourceTitle "playchess.com"]
[Source "ChessBase"]
[SourceQuality "1"]

{[%evp 16,61,24,21,22,29,23,30,35,32,19,27,35,31,35,0,160,186,193,56,205,169,213,195,146,152,170,19,597,604,610,601,856,860,841,816,788,-892,-899,-29995,-29996,-29996,-29995,-29997,-29998,-29998,-29999,-29999]} 1. Nf3 {[%emt 0:00:03]} Nf6 {[%emt 0:00:06]} 2. c4 {[%emt 0:00:06]} g6 {[%emt 0:00:08]} 3. Nc3 {[%emt 0:00:06]} Bg7 {[%emt 0:00:05]} 4. e4 {[%emt 0:00:07]} d6 {[%emt 0:00:05]} 5. d4 {[%emt 0:00:05]} O-O {[%emt 0:00:05]} 6. Be2 {[%emt 0:00:05]} e5 {[%emt 0:00:09]} 7. d5 {[%emt 0:00:24]} a5 {[%emt 0:00:13]} 8. Bg5 {[%emt 0:01:23]} h6 {[%emt 0:00:13]} 9. Be3 {[%emt 0:00:13]} Ng4 {[%emt 0:00:16] E92: King's Indian: Classical: 6 Be2 e5: 7 dxe5, 7 Be3 and Petrosian System without 7...Nbd7.} 10. Bd2 {[%emt 0:00:10] 10.Bd2 is better than 10.Bc1.} f5 {[%emt 0:01:19]} 11. h3 {[%emt 0:00:14]} Nf6 {[%emt 0:00:18] White has an edge.} 12. exf5 $1 {[%emt 0:00:51]} gxf5 {[%emt 0:00:27]} 13. Qc1 {[%emt 0:01:07]} f4 {[%emt 0:00:21]} 14. g3 $36 {[%emt 0:00:24][%mdl 2048] Black is under pressure.} e4 {[%emt 0:00:39]} 15. Nd4 {[%emt 0:00:50]} (15. Nh4 $5 {[%cal Rd2f4]}) 15... e3 $2 {[%emt 0:25:06]} (15... Ne8 $11) 16. fxe3 $16 {[%emt 0:00:30]} fxg3 {[%emt 0:00:09]} 17. Qc2 {[%emt 0:00:20]} (17. Rg1 $18) 17... Na6 {[%emt 0:03:20]} (17... g2 18. Rg1 $16) ({Black should play} 17... Nxd5 $1 $14 18. Nxd5 (18. cxd5 g2 $15) 18... g2) 18. O-O-O {[%emt 0:06:26][%cal Ba1d1,Bd1g1,Bg1g3][%mdl 32] Strongly threatening Rhg1.} ({But not} 18. Qg6 $6 Nc5 $16) 18... Qe8 {[%emt 0:17:33]} 19. Rdg1 {[%emt 0:00:38]} Nb4 {[%emt 0:11:11]} 20. Qb1 {[%emt 0:09:19]} Nh5 {[%emt 0:01:16] [#]} 21. Ncb5 $146 {[%emt 0:36:56]} ({White should try} 21. Bxh5 $18 Qxh5 22. Rxg3) ({Predecessor:} 21. Bxh5 Qxh5 22. Rxg3 Kh8 23. Rxg7 Kxg7 24. Rg1+ Kh8 25. a3 Na6 26. Nce2 Qxh3 27. Nf4 Rxf4 28. exf4 {1-0 (35) Harsha,B (2509)-Kozionov,K (2470) Chess.com INT 2020}) 21... Na6 $2 {[%emt 0:02:56][%mdl 8192]} (21... Bxd4 $2 22. Nxd4 Nxa2+ 23. Qxa2 $18) (21... c5 $1 $11 {and Black stays safe.} 22. dxc6 (22. Nxd6 Qe5 $11) 22... bxc6) 22. Bxh5 $18 {[%emt 0:03:36]} Qxh5 {[%emt 0:00:07]} 23. Rxg3 {[%emt 0:00:06]} Qe5 {[%emt 0:08:11]} 24. Qg6 {[%emt 0:03:14]} Rf7 {[%emt 0:06:00]} 25. Bc3 {[%emt 0:06:02] [#] Hoping for Ne6.} Nb4 {[%emt 0:01:07][%cal Ba6b4,Bb4c2,Bc2a3,Ba3c2][%mdl 32]} 26. Kb1 $4 {[%emt 0:00:42][%mdl 8192]} (26. Kd1 $18 Nxa2 27. Rhg1) 26... Bf5+ $19 {[%emt 0:04:51]} 27. Nxf5 {[%emt 0:11:52]} Qe4+ {[%emt 0:00:30] Black mates.} 28. Ka1 {[%emt 0:01:00]} Nc2+ {[%emt 0:00:35]} 29. Kb1 {[%emt 0:00:05]} Na3+ {[%emt 0:00:46][%mdl 64] Discovered Attack (Double check), Double Attack} 30. Ka1 {[%emt 0:00:46] [#]} Qb1+ $3 {[%emt 0:00:38][%mdl 512]} 31. Rxb1 {[%emt 0:00:06]} Nc2# {[%emt 0:00:07] Black used his chance.  Weighted Error Value: White=1.10/Black=0.68} 0-1